000 00648nam a2200229 a 4500
001 BRCA_4251
005 20190320204612.0
008 140610s1945----nyua######---#000-0#eng-#
041 _aeng
044 _anyu
050 4 _aPN6161
_b.S83 1945
245 1 0 _aA Subtreasury of American Humor
_ced. E. B. white and Katharine S. White.
260 _aNueva York
_bTudor Publishing
_c1945
300 _axxxii, 814 p.
_bil.
_c22 cm.
500 _aIncluye lista de autores y títulos
500 _aAM63
651 4 _aAmérica
_xHumor
_910963
700 1 _aWhite, E. B.
_910964
700 1 _aWhite, Katharine S.
_910965
902 _aGFM
942 _2lcc
_cB
999 _c3962
_d3962